Quiz sur la Charente - Statistiques

Statistiques générales
  • Ce quiz a été pris 342 fois
  • Le résultat moyen est 14 sur 20
Statistiques - réponses
Question % Correct
Numéro du département 16
99%
Région Nouvelle-Aquitaine
96%
Préfecture et plus grande ville Angoulême
95%
Départements limitrophes Charente-Maritime
95%
Sous-préfectures Cognac
89%
Vienne
85%
Deux-Sèvres
81%
Gentilé Charentais
79%
Dordogne
78%
(Neuvième) Art célébré dans la préfecture à travers un festival international. Bande-dessinée
76%
Haute-Vienne
75%
Accessoire dont la charentaise, inventée dans le département, est un des exemples les plus connus. Pantoufle
73%
Objet ayant formé un cratère de 20 kilomètres de diamètre il y a plus de 200 millions d'années à proximité de Pressignac. Astéroïde
66%
Animal appelé cagouille en Charente, dont sa culture dans le département est une des plus importantes de France. Escargot
66%
Institution dont un des pères fondateurs, Jean Monnet, est né en Charente. Union Européenne
59%
Président de la République né à Jarnac. François Mitterrand
47%
Confolens
42%
Nombre d'habitants (arrondi à la dizaine de milliers d'habitants) 350 000 (351 778)
36%
Ancienne province à laquelle appartenait la majeure partie du département. Angoumois
24%
Type de boisson alcoolisée auquel appartient le symbole d'une des sous-préfectures, vendu à l'international. Eau-de-vie
24%
Aucun quiz correspondant
Distribution des résultats
% des personnes avec chaque résultat
Percentile par nombre de réponses
Votre historique - résultats
Vous n’avez pas pris ce quiz